00445 a2200157 4500001000700000020000600007040001100013100002600024240004100050245003600091300000700127697002400134942000700158952010300165999001900268185714 a  cMagnum aCasasanta, Therezinha10aA porquinha do rabinho enroladolpor10aA porquinha do rabinho enrolado a31 aLITERATURA INFANTIL cBK 00104070a32.5b32.5d2024-06-08l0o869.0.103pMAG00049618r2024-06-08 21:05:49w2024-06-08yBK c185714d185714